Проектирование информационной системы аналитической лаборатории; Современные техника и технологии; Т. 2

Dettagli Bibliografici
Parent link:Современные техника и технологии: X Юбилейная международная научно-практическая конференция студентов, аспирантов и молодых ученых, посвященная 400-летию г. Томска, Томск, 29 марта - 2 апреля 2004 г./ Томский политехнический университет.— , 2004
Т. 2.— 2004.— С. 230-232
Autore principale: Янин А. М. Антон Михайлович
Lingua:russo
Pubblicazione: 2004
Soggetti:
Natura: Capitolo di libro
KOHA link:https://koha.lib.tpu.ru/cgi-bin/koha/opac-detail.pl?biblionumber=183373

MARC

LEADER 00000naa2a2200000 4500
001 183373
005 20251205154701.0
035 |a (RuTPU)RU\TPU\book\198784 
090 |a 183373 
100 |a 20100716d2004 k y0rusy50 ca 
101 0 |a rus 
102 |a RU 
200 1 |a Проектирование информационной системы аналитической лаборатории  |f А. М. Янин 
320 |a Библиогр.: 1 назв. 
461 1 |0 (RuTPU)RU\TPU\book\66154  |t Современные техника и технологии  |o X Юбилейная международная научно-практическая конференция студентов, аспирантов и молодых ученых, посвященная 400-летию г. Томска, Томск, 29 марта - 2 апреля 2004 г.  |o труды  |f Томский политехнический университет  |d 2004 
463 0 |0 (RuTPU)RU\TPU\book\65883  |t Т. 2  |v С. 230-232  |d 2004 
610 1 |a информационные системы 
610 1 |a проектирование 
610 1 |a аналитические лаборатории 
610 1 |a труды учёных ТПУ 
700 1 |a Янин  |b А. М.  |c специалист в области вычислительной техники  |c инженер-программист Томского политехнического университета  |g Антон Михайлович  |3 (RuTPU)RU\TPU\pers\26504 
801 1 |a RU  |b 63413507  |c 20100716 
801 2 |a RU  |b 63413507  |c 20140328  |g RCR 
942 |c BK